000
00310nam a2200133Ia 4500
005
20251222144912.0
008
251222s9999||||xx |||||||||||||| ||spa||
020
_a
84-397-0955-2
082
_a
869.33/B72U
100
_a
BolaƱo, Roberto
245
0
_a
Una Novelita Lumpen
264
_b
Mondadori
942
_c
LIB
999
_c
22376
_d
22376